|
|
|
|
| LEADER |
00000nab a2200000 ar4500 |
| 001 |
vtls010648403 |
| 003 |
SK-MaSNL |
| 005 |
20260303180413.0 |
| 008 |
150121c2014 xo |r|p||| |000 b|eng |
| 015 |
|
|
|a SNBRB2015/01
|
| 038 |
|
|
|a SPK
|
| 040 |
|
|
|a SPKCL
|b slo
|c AACR2
|e AACR2
|
| 041 |
0 |
|
|a eng
|b eng
|
| 044 |
|
|
|a xo
|c SK
|
| 072 |
|
7 |
|a 316.7
|x Sociológia kultúry. Kultúrny život
|2 konspekt
|
| 072 |
|
7 |
|a 159.92
|x Vývinová psychológia. Psychológia osobnosti
|2 konspekt
|
| 080 |
|
|
|a 316.752
|2 2001
|
| 080 |
|
|
|a 316.772.4
|2 2001
|
| 080 |
|
|
|a 159.923
|2 2001
|
| 100 |
1 |
|
|a Jozek, Milan,
|d 1971-
|4 aut
|9 485786
|
| 245 |
1 |
0 |
|a Interpersonal Communication in the Process of Value Formation
|c Milan Jozek
|
| 504 |
|
|
|a Bibliogr. odkazy
|
| 546 |
|
|
|a Res. angl.
|
| 650 |
0 |
7 |
|a hodnoty
|2 snkbucl
|9 2081
|
| 650 |
0 |
7 |
|a interpersonálna komunikácia
|2 snkbucl
|9 2690
|
| 650 |
0 |
7 |
|a osobnosť
|2 snkbucl
|9 4341
|
| 773 |
0 |
|
|t Acta technologica Dubnicae
|g Roč. 4, č. 2(2014), s. 36-42
|x 1338-3965
|
| 852 |
|
|
|a SPK
|b KIS3GCP
|
| 958 |
|
|
|a NB
|2 spk
|
| 999 |
|
|
|c 2106217
|d 2108147
|